000
00343nam a2200157Ia 4500
005
20251020182614.0
008
200515s9999 xx 000 0 und d
082
_a
SC/691.328(083.74)/P45
110
_a
Ininvi
245
0
_a
Concreto armado
260
_a
Lima
260
_c
1989
300
_a
199
650
_a
CONCRETO ARMADO
942
_c
LIB
999
_c
3447
_d
3447